| 000 | 01112cam a2200325 a 4500 | ||
|---|---|---|---|
| 001 | 15767028 | ||
| 003 | NUST | ||
| 005 | 20211109151947.0 | ||
| 008 | 090608s2010 nyua b 001 0 eng | ||
| 010 | _a 2009022512 | ||
| 020 | _a9780791802939 | ||
| 035 | _a(OCoLC)ocn387777757 | ||
| 038 | _akhadija | ||
| 040 |
_aDLC _cDLC _dYDXCP _dUIU _dC#P _dAZU _dBWX _dCDX _dDLC |
||
| 050 | 0 | 0 |
_aTA174 _b.R545 2010 |
| 082 | 0 | 0 |
_a624.176 _222 _bRIV |
| 100 | 1 |
_aRivin, Eugene I. _934656 |
|
| 245 | 1 | 0 |
_aHandbook on Stiffness & Damping in Mechanical Design _cEugene I. Rivin. |
| 246 | 3 | _aHandbook of stiffness and damping in mechanical design | |
| 260 |
_aNew York : _bASME Press, _cc2010. |
||
| 300 |
_axx, 734 p. : _bill. ; _c24 cm. |
||
| 504 | _aIncludes bibliographical references and index. | ||
| 563 | _ahardcover | ||
| 650 | 0 |
_aEngineering design. _919438 |
|
| 650 | 0 |
_aDynamics, Rigid. _934657 |
|
| 650 | 0 |
_aDamping (Mechanics) _924642 |
|
| 906 |
_a7 _bcbc _corignew _d1 _eecip _f20 _gy-gencatlg |
||
| 942 |
_2ddc _cBK |
||
| 999 |
_c540569 _d540569 |
||